| 000 | 00481nam a2200169Ia 4500 | ||
|---|---|---|---|
| 999 |
_c27376 _d27376 |
||
| 003 | OSt | ||
| 005 | 20201127130916.0 | ||
| 008 | 190216s9999||||xx |||||||||||||| ||und|| | ||
| 040 | _coclc | ||
| 082 |
_a894.8123 _bPAL/C |
||
| 100 |
_aPala, Thomas _96992 |
||
| 245 | 0 |
_aChachikutti Memorial / _cThomas Pala |
|
| 260 |
_bCurrent Books, _c1996. _aKottayam: |
||
| 300 | _a227p | ||
| 650 | _aMalayalam Novel | ||
| 942 |
_cBK _2ddc _h894.8123 _iPAL/C _k894.8123 _mPAL/C |
||